000 01170cab a2200217 4500
001 ##L136648
008 070213n2007 000 0 eng u
035 _a(Sirsi) u136648
041 0 _aeng
100 1 _aCrates, Emma
245 0 0 _aWill reform end the CDM paper chase?
260 _c2007
490 0 _aConstruction News
_v(7004) 8 February 2007, 26-27(2)
520 _aConsiders whether revisions to the Construction (Design and Management) (CDM) Regulations 1994 will cut back on bureaucracy and make construction sites safer. Highlights various problems with the current CDM Regulations, including the excessive use of paper-based systems, and stresses that designers should only pass on appropriate information under the new regime. Also looks at the new role of CDM co-ordinator (previously known as planning supervisor) and the importance the HSE is placing on it.
590 _aKA
650 2 4 _aCONSTRUCTION (DESIGN AND MANAGEMENT) REGULATIONS 1994
650 2 4 _aCONSTRUCTION (DESIGN AND MANAGEMENT) REGULATIONS 2007
651 4 _aGREAT BRITAIN
690 _aBUILT ENVIRONMENT-CONSTRUCTION MANAGEMENT-CONSTRUCTION DESIGN AND MANAGEMENT
942 _n0
999 _c78392
_d78392